| 000 | 01218nam0a22003011 4500 | ||
|---|---|---|---|
| 001 | RU\INFOCOMM_322\NLR\5000266433 | ||
| 005 | 20250614080638.0 | ||
| 035 | _a(NLR Aleph) 010607662 | ||
| 090 |
_a10558752 _c10558752 |
||
| 100 | _a20130325d1974 |||y0rusy50 ca | ||
| 101 | 0 | _aeng | |
| 102 | _aRU | ||
| 105 | _ay z|||| | ||
| 200 | 1 |
_aHydration of cement, role of triethanolamine _eSupplementary paper _fV. S. Ramachandran, ... D. Ph. ... (Canada) _gThe VI Intern. congr. on the chemistry of cement, Moscow, Sept., 1974 |
|
| 210 |
_aM. _d1974 |
||
| 215 |
_a15 с. _cграф. _d21 см |
||
| 300 | _aВ вып. дан.: В. С. Рамачандран. Роль триэтаноламина при гидратации цемента. Доп. докл. | ||
| 320 | _aБиблиогр.: с. 13-14 | ||
| 606 | 0 |
_aЦемент _xГидратация _xВлияние триатаноламина _2nlr_sh1 |
|
| 620 | _aМосква | ||
| 686 |
_aЛ455-106.5 _2rubbk |
||
| 700 | 1 |
_aRamachandran _bV. S. |
|
| 712 | 1 | 2 |
_aInternational symposium on the chemistry of cement _d6 _eMoscow _f1974 _4570 |
| 801 | 1 |
_aRU _bInfocomm _c20130325 |
|
| 801 | 0 |
_aRU _bINFOCOMM _gPSBO |
|
| 852 |
_aNLR _jТ45 Д-4/184 |
||
| 942 | _cBOOK | ||
| 980 | _aNB | ||